BIBLIOTHÈQUE DE LA MAISON DU MEXIQUE

Logo 1 Logo 2

La escondida (notice nᵒ 2788)

détails MARC
000 -Sello discográfico
campo de control de longitud fija 00781nam a2200289 4500
005 - Identificación de versión
campo de control 20251017062735.0
035 ## - Otros números de control del sistema
Número de control del sistema 23945
099 ## - fechas locales
Tipo de ítem Koha LIBRO
100 ## - Datos de procesamiento general
Datos de procesamiento general 19980216d1955 m y1spay5003 ba
105 ## - Campo de datos codificados: Material textual, monográfico
Datos codificados de monografía y 001ay
200 1# - Título y mención de responsabilidad
Título propio La escondida
Designación general del material texto impreso
Otra información del título novela
Primer mención de responsabilidad Miguel N. Lira
205 ## - Declaración de edición
Declaración de edición 2a ed
210 ## - Publicación, distribución, etc.
Lugar de publicación, distribución, etc. México
Nombre del editor, distribuidor, etc. Ediciones Botas
Fecha de publicación, distribución, etc. 1955
215 ## - Descripción física
Designación de material específico y extensión del ítem 208 p
Dimensiones 20 cm
300 ## - Notas generales
Texto de la nota Premio Lanz Duret 1947
345 ## - Nota de información de adquisición
Fuente de adquisición/dirección de la suscripción [OBSOLETO] Donación
606 ## - Término temático usado como materia
Elemento de entrada Novela mexicana
Subdivisión cronológica Siglo XX
Número Koha 64
660 ## - Código de área geográfica
Código MX
700 ## - Nombre personal - Responsabilidad primaria
Elemento de entrada Lira Alvarez
Parte del nombre distinta del elemento de entrada Miguel Nicolás
Fechas 1905-1961
Número Koha 6130
801 #0 - Fuente de origen
Agencia cm
900 ## -
-- 1/15914
900 ## -
-- 710987482\\160298
942 ## - ELEMENTOS DE ENTRADA SECUNDARIOS (KOHA)
Tipo de ítem Koha Livre
996 ## -
-- MEX
-- 751145101
-- MMAG
-- 011596
-- 863.4 L768E
-- 20241108LIV
Exemplaires
Estatus retirado Estado de daño Estado de pérdida Fecha de adquisición Biblioteca de origen Biblioteca actual Ubicación en estantería Código de barras Precio de reemplazo Signatura topográfica completa No para préstamo Tipo de ítem Koha Nota pública Nota no pública
      05/08/2025 Casa México Paris Casa México Paris   011596 05/08/2025 863.4 L768E   Livre 20241108LIV 751145101